Ztráty a pády investičních bank

Rok 2008 sa zaraďuje vôbec k najhorším v histórii finančných trhov. Takmer všetky burzy strácali. Nečakané pády investičných bánk. Cena ropy výrazne kolísala. Výhľad na tento rok.

Uložené v:
Podrobná bibliografia
Hlavný autor: Hatlapatka, Marek
Médium: Kapitola
Jazyk:Czech
Predmet:
Tagy: Pridať tag
Žiadne tagy, Buďte prvý, kto otaguje tento záznam!

MARC

LEADER 00000naa$a2200000$$$4500
001 0090388
005 20230804111713.7
041 0 |a cze 
044 |a CZ 
245 1 0 |a Ztráty a pády investičních bank  |c Marek Hatlapatka 
520 |a Rok 2008 sa zaraďuje vôbec k najhorším v histórii finančných trhov. Takmer všetky burzy strácali. Nečakané pády investičných bánk. Cena ropy výrazne kolísala. Výhľad na tento rok. 
610 2 0 |a trh finančný 
610 2 0 |a svet 
610 2 0 |a bankovníctvo investičné 
610 2 0 |a 2008 
100 1 |a Hatlapatka, Marek